书目信息 |
| 题名: |
铁路钢筋混凝土桥
|
|
| 作者: | 何广汉 等编 | |
| 分册: | ||
| 出版信息: | 北京 中国铁道出版社 1981 |
|
| 页数: | 285页 | |
| 开本: | 25cm | |
| 丛书名: | ||
| 单 册: | ||
| 中图分类: | U448.13 | |
| 科图分类: | ||
| 主题词: | 铁路桥:钢筋混凝土桥--高等学校--教材 , 钢筋混凝土桥:铁路桥--高等学校--教材 | |
| 电子资源: | ||
| ISBN: | ||
| 000 | 00714nam0 2200253 45 | |
| 001 | 0181006912 | |
| 005 | 20060810162458.67 | |
| 010 | @dCNY1.90 | |
| 091 | @a15043.6301 | |
| 100 | @a19950703d1981 em y0chiy0121 ea | |
| 101 | 0 | @achi |
| 102 | @aCN@b110000 | |
| 105 | @ay j 000yy | |
| 200 | 10 | @a铁路钢筋混凝土桥@Atie lu gang jin hun ning tu qiao@f何广汉等编 |
| 210 | @a北京@c中国铁道出版社@d1981 | |
| 215 | @a285页@d25cm | |
| 300 | @a高等学校试用教材 | |
| 606 | @a铁路桥:钢筋混凝土桥@x高等学校@x教材 | |
| 606 | @a钢筋混凝土桥:铁路桥@x高等学校@x教材 | |
| 690 | @aU448.13@v3 | |
| 701 | 0 | @a何广汉@Ahe guang han@4等编 |
| 801 | 2 | @aCN@bNLC@c20060810 |
| 801 | 0 | @aCN@bTSSF |
| 905 | @a10447@dU448.13@e164:2 | |
| 铁路钢筋混凝土桥/何广汉等编.-北京:中国铁道出版社,1981 |
| 285页;25cm |
| 高等学校试用教材 |
| ISBN :CNY1.90 |
| ● |
| 相关链接 |
|
|
|
|
正题名:铁路钢筋混凝土桥
索取号:U448.13/164:2
 
预约/预借
| 序号 | 登录号 | 条形码 | 馆藏地/架位号 | 状态 | 备注 |
| 1 | 0452016 | 204520161 | 密集书库/ [索取号:U448.13/164:2] | 在馆 | |
| 2 | 0452017 | 204520170 | 密集书库/ [索取号:U448.13/164:2] | 在馆 | |
| 3 | 0452018 | 204520189 | 密集书库/ [索取号:U448.13/164:2] | 在馆 | |
| 4 | 0452019 | 204520198 | 密集书库/ [索取号:U448.13/164:2] | 在馆 |